Olga Koklova, Pablo Picasso y Pablito : (Record no. 73350)

MARC details
000 -LEADER
campo de control de longitud fija 00840nam a2200253 i 4500
001 - NÚMERO DE CONTROL
campo de control 73350
003 - IDENTIFICADOR DE NÚMERO DE CONTROL
campo de control ES-MaACL
005 - FECHA Y HORA DE LA ÚLTIMA TRANSACCIÓN
campo de control 20251001174911.0
007 - CAMPO FIJO DE DESCRIPCIÓN FÍSICA--INFORMACIÓN GENERAL
campo de control de longitud fija t|
008 - DATOS DE LONGITUD FIJA--INFORMACIÓN GENERAL
campo de control de longitud fija 040929s1990 sp ||||0| spa
020 ## - NÚMERO INTERNACIONAL ESTÁNDAR DEL LIBRO
Número Internacional Estándar del Libro 84-87035-11-6
080 ## - NÚMERO DE LA CLASIFICACIÓN DECIMAL UNIVERSAL
Número de la Clasificación Decimal Universal 929 Picasso, Pablo (084.12)
110 2# - ENTRADA PRINCIPAL--NOMBRE DE ENTIDAD CORPORATIVA
Nombre de entidad corporativa o nombre de jurisdicción como elemento de entrada Fundación Picasso.
9 (RLIN) 4377
245 10 - MENCIÓN DEL TÍTULO
Título Olga Koklova, Pablo Picasso y Pablito :
Resto del título fotografías.
260 ## - PUBLICACIÓN, DISTRIBUCIÓN, ETC.
Lugar de publicación, distribución, etc. [Málaga] :
Nombre del editor, distribuidor, etc. Fundación Pablo Ruiz Picasso :
-- Ayuntamiento de Málaga,
Fecha de publicación, distribución, etc. [1990]
300 ## - DESCRIPCIÓN FÍSICA
Extensión [4] p., 10 h. de lám. fot. ;
Dimensiones 28 cm.
490 1# - MENCIÓN DE SERIE
Mención de serie Álbum ;
Designación de volumen o secuencia 7
600 14 - PUNTO DE ACCESO ADICIONAL DE MATERIA--NOMBRE DE PERSONA
Nombre de persona Picasso, Pablo,
Fechas asociadas al nombre 1881-1973-
Subdivisión de forma Obras ilustradas
9 (RLIN) 174081
600 14 - PUNTO DE ACCESO ADICIONAL DE MATERIA--NOMBRE DE PERSONA
Nombre de persona Koklova, Olga,
Fechas asociadas al nombre 1891-1955
9 (RLIN) 174082
710 1# - ENTRADA AGREGADA--NOMBRE DE ENTIDAD CORPORATIVA
Nombre de entidad corporativa o nombre de jurisdicción como elemento de entrada Málaga.
Unidad subordinada Ayuntamiento.
9 (RLIN) 5634
830 1# - PUNTO DE ACCESO ADICIONAL DE SERIE-TÍTULO UNIFORME
Título uniforme Álbum ;
Designación de volumen o secuencia 7
9 (RLIN) 183397
852 4# - LOCALIZACIÓN
Ubicación ES-MaACL
Número de control de estantería 2182-F-16
Holdings
Estatus retirado Estado de pérdida Estado de daño No para préstamo Colección Biblioteca de origen Biblioteca actual Ubicación en estantería Fecha de adquisición Fuente de adquisición Total de préstamos Signatura topográfica completa Código de barras Visto por última vez Precio de reemplazo Tipo de ítem Koha
        Colección de folletos Biblioteca del Ateneo de Madrid Biblioteca del Ateneo de Madrid Depósito folletos 17/01/2008     2182-F-16 1076781 23/02/2023 23/02/2023 Folleto